书目信息 |
| 题名: |
走进世界第一大峡谷
|
|
| 作者: | 张继民 著 | |
| 分册: | ||
| 出版信息: | 北京 人民日报出版社 1998.10 |
|
| 页数: | 308页 | |
| 开本: | 32开 | |
| 丛书名: | ||
| 单 册: | ||
| 中图分类: | N82 | |
| 科图分类: | ||
| 主题词: | 自然科学--调查 , 自然科学--考察 | |
| 电子资源: | ||
| ISBN: | 7-80153-043-8 | |
| 000 | 00573nam0 2200205 45 | |
| 001 | 0110070903 | |
| 005 | 20060814173717.96 | |
| 010 | @a7-80153-043-8@dCNY29.80 | |
| 100 | @a20011007d1998 km y0chiy0120 ea | |
| 101 | 0 | @achi |
| 105 | @a z 000yy | |
| 200 | 1 | @a走进世界第一大峡谷@AZou Jin Shi Jie Di Yi Da Xia Gu@f张继民著@FZhang Ji Min Zhu |
| 210 | @a北京@c人民日报出版社@d1998.10 | |
| 215 | @a308页@d32开 | |
| 606 | 0 | @a自然科学@x调查 |
| 606 | 0 | @a自然科学@x考察 |
| 690 | @aN82@v3 | |
| 701 | @a张继民@4著 | |
| 801 | @aCN@bTSTC@c20060814 | |
| 905 | @f1@b299159@dN82@e7 | |
| 走进世界第一大峡谷/张继民著.-北京:人民日报出版社,1998.10 |
| 308页;32开 |
| ISBN 7-80153-043-8:CNY29.80 |
| ● |
| 相关链接 |
|
|
|
|
正题名:走进世界第一大峡谷
索取号:N82/7
 
预约/预借
| 序号 | 登录号 | 条形码 | 馆藏地/架位号 | 状态 | 备注 |
| 1 | 0299159 | 202991593 | 第二样本阅览室/ [索取号:N82/7] | 在馆 |